000 00378nam a2200133Ia 4500
005 20260328101516.0
008 260328s9999||||xx |||||||||||||| ||und||
100 _aPoirier, René
245 0 _aLa epopeya de las Grandes Construcciónes :
_b de la Torre de Babel a la Ciudad del ÁTomo /
_cRené Poirier
260 _bLabor
300 _a468 p.
650 _aHISTORIA
942 _cBK
999 _c9405
_d9405